000 00700nam a2200277Ia 4500
005 20260324144648.0
008 008 260324s9999 xx 000 0 eng d
020 _a9781315725833
037 _aEBOOK
040 _aCRL
040 _beng
040 _cCRL
041 _2eng
041 _aeng
084 _qCRL
100 _aWilliam Paterson; Simon Bulmer
_91220154
245 4 _aThe Federal Republic of Germany and the European Community (RLE: German Politics)
260 _bTaylor and Francis
260 _c1987
365 _a
365 _b230
856 _uhttp://www.taylorfrancis.com/books/9781315725833
942 _cEBOOK
999 _c1827041
_d1827041